Copa Libertadores Winners - Statistics

General Stats
  • This quiz has been taken 1,341 times
    333 since last reset
  • The average score is 52 of 65
Answer Stats
Year Winner % Correct
1977 Boca Juniors
97%
1978 Boca Juniors
97%
2000 Boca Juniors
97%
2001 Boca Juniors
97%
2003 Boca Juniors
97%
2007 Boca Juniors
97%
1986 River Plate
97%
1996 River Plate
97%
2015 River Plate
97%
2018 River Plate
97%
1981 Flamengo
95%
2019 Flamengo
95%
2022 Flamengo
95%
1962 Santos
92%
1963 Santos
92%
2011 Santos
92%
2024 Botafogo
91%
2023 Fluminense
91%
1999 Palmeiras
91%
2020 Palmeiras
91%
2021 Palmeiras
91%
1992 São Paulo
83%
1993 São Paulo
83%
2005 São Paulo
83%
2012 Corinthians
81%
1960 Peñarol
81%
1961 Peñarol
81%
1966 Peñarol
81%
1982 Peñarol
81%
1987 Peñarol
81%
1983 Grêmio
79%
1995 Grêmio
79%
2017 Grêmio
79%
1964 Independiente
79%
1965 Independiente
79%
1972 Independiente
79%
1973 Independiente
79%
1974 Independiente
79%
1975 Independiente
79%
1984 Independiente
79%
1991 Colo-Colo
75%
1971 Nacional
74%
1980 Nacional
74%
1988 Nacional
74%
2006 Internacional
73%
2010 Internacional
73%
2013 Atlético Mineiro
70%
1976 Cruzeiro
70%
1997 Cruzeiro
70%
1968 Estudiantes
70%
1969 Estudiantes
70%
1970 Estudiantes
70%
2009 Estudiantes
70%
1967 Racing
70%
1989 Atlético Nacional
69%
2016 Atlético Nacional
69%
2008 LDU Quito
64%
2014 San Lorenzo
64%
1979 Olimpia
63%
1990 Olimpia
63%
2002 Olimpia
63%
1998 Vasco da Gama
63%
2004 Once Caldas
57%
1994 Vélez Sarsfield
54%
1985 Argentinos Juniors
44%
No matching quizzes found
Score Distribution
Percent of People with Each Score
Percentile by Number Answered
Your Score History
You have not taken this quiz since the last reset